000 01565nam a2200373 a 4500
001
003 DO-SdBNP
005 20250617130439.0
008 090707s2020 dr c 001 0 spa d
020 _a9789945613254
040 _aDO-SdBNP
_bspa
_cBNPHU
049 _a
082 4 _a305.57293
_bF438p
_222
100 1 0 _aFabio Billini, José Antinoe
_d1944-
_977804
245 1 0 _aPensamientos sociales y procesos sociohistóricos /
_c José Antinoe Fiallo Billini
260 _aSanto Domingo :
_bArchivo General de la Nación ;
_c2020
300 _av.. ;
_c23 cm.
490 1 _aArchivo General de la Nación,
_v361
500 _aIncluye referencias bibliográficas y notas al pie de las páginas
500 _aIncluye índice onomástico
500 _aIncluye datos biográficos del autor en la solapa de la cubierta
505 _aPresentación -- Introducción -- Educación -- Análisis de coyunturas -- Documentos políticos -- Propuestas de transformación política
590 _aInventariado, 2020/VM
650 4 _aEducación
_950247
_zRepública Dominicana
651 4 _aRepública Dominicana
_xAspectos sociales.
_xHistoria
_946
651 4 _aRepública Dominicana
_xHistoria
_9170
651 4 _aRepública Dominicana
_xPolítica y gobierno
_xHistoria
_91212
700 _a Fisher, Steven
_epresentación
_977795
700 _aMarra, Lisa
_etr.
_977796
700 _aRocha, Kary Alba
_eed.
_977797
830 0 _aArchivo General de la Nación,
_n361
_977799
910 _aVMateo/Validado. Control de calidad MFF
942 _2ddc
_cLBS1
999 _c49389
_d49389